00363nam a2200133Ia 4500008004100000020001500041041001200056082001600068100001500084245007100099260003700170300000800207650001400215221030s9999 xx 000 0 und d a817808984x aEnglish a105.23bLev aA. Levitin 0aIntroduction to the Design & Analysis of Algorithmscby A. Levitin bPearson EducationaDelhic2005 a513 aComputers